000
00300nam a2200145Ia 4500
100
_a
King
650
_a
General
942
_c
BK
654
_a
Office Furniture
245
_a
Office Furniture Annul
260
_b
Cesane Roversi
_a
Italy
_c
1987
082
_a
749
300
_a
250
546
_a
ENGLISH
999
_c
27802
_d
27802